00403nam a22001457a 4500003000400000005001700004008004100021020001800062040001000080100004000090245003400130260003800164300001100202650004400213OSt20250327114440.0250204s2011 ag ||||| |||| 00| 1 spa d a9789870421351 cbesoc1 aCortázar, Julioeautord1914-198410aDeshoras /cJulio Cortázar  aBuenos Aires :bAlfaguara, c2011 a196 p. 4aLiteratura argentinavCuentosySiglo XX